000 00578cab a2200217 4500
001 WB3517-14
008 090401t1999 xxu||||| |||| 00| 0 eng d
035 _a(Sirsi) u93186
041 _aeng
245 _aRectification
260 _c1999
350 _a0
490 _aEstates Gazette Case Summaries
_v[1999] EGCS 60 (1/5/99)
650 _aBUSINESS LEASES
650 _aBUSINESS RATES
650 _aTEMPLISS PROPERTIES LTD V HYAMS
650 _aUNILATERAL MISTAKES
690 _aLANDLORD AND TENANT-CASE LAW-BUSINESS TENANCIES
942 _n0
948 _c07/05/1999
999 _c59062
_d59062